|
|
|
|
| LEADER |
01669nam a2200445 a 4500 |
| 001 |
000746822 |
| 003 |
CZ BrMZK |
| 005 |
20190814133502.0 |
| 007 |
ta |
| 008 |
041102s2004 xr a erf 001 0 cze d |
| 015 |
|
|
|a cnb001446551
|
| 020 |
|
|
|a 80-247-0941-4
|q (brož.)
|
| 035 |
|
|
|a (OCoLC)85120978
|
| 040 |
|
|
|a BOA001
|b cze
|
| 072 |
|
7 |
|a 004.4/.6
|x Programování. Software
|2 Konspekt
|9 23
|
| 080 |
|
|
|a 004.438Java
|2 MRF
|
| 080 |
|
|
|a 004.432.045
|2 MRF
|
| 080 |
|
|
|a 004.42.045
|2 MRF
|
| 080 |
|
|
|a (035)
|2 MRF
|
| 100 |
1 |
|
|a Pecinovský, Rudolf,
|d 1954-
|7 xx0017259
|4 aut
|
| 245 |
1 |
0 |
|a Myslíme objektově v jazyku Java 5.0 /
|c Rudolf Pecinovský
|
| 246 |
3 |
3 |
|a Java 5.0
|
| 250 |
|
|
|a 1. vyd.
|
| 260 |
|
|
|a Praha :
|b Grada,
|c 2004
|
| 300 |
|
|
|a 601 s. :
|b il. ;
|c 25 cm
|
| 490 |
1 |
|
|a Knihovna programátora
|
| 490 |
1 |
|
|a Myslíme v--
|
| 500 |
|
|
|a Obsahuje rejstřík
|
| 500 |
|
|
|a Dostupné též v digitální podobě v aplikaci Kramerius
|
| 650 |
0 |
7 |
|a Java 5.0 (programovací jazyk)
|7 ph268177
|2 czenas
|
| 650 |
0 |
7 |
|a objektově orientované jazyky
|7 ph115528
|2 czenas
|
| 650 |
0 |
7 |
|a objektově orientované programování
|7 ph115529
|2 czenas
|
| 655 |
|
7 |
|a příručky
|7 fd133209
|2 czenas
|
| 830 |
|
0 |
|a Knihovna programátora (Grada)
|0 s
|
| 830 |
|
0 |
|a Myslíme v--
|0 s
|
| 856 |
4 |
1 |
|u http://www.digitalniknihovna.cz/mzk/uuid/uuid:a47a3160-756c-11e9-b266-005056827e51
|y Digitalizovaný dokument
|x NDK
|
| 910 |
|
|
|a BOA001
|b 2-1143.224
|
| 990 |
|
|
|a BK
|
| 996 |
6 |
|
|b 2610233213
|c 2-1143.224
|l MZK
|r Sklad / do 1 hodiny
|n 1
|p p.v.
|w 000746822
|u 000010
|a 1
|e BOA001
|j MZK50
|s P
|
| 996 |
7 |
|
|b 2610238783
|c 2-1143.224
|l MZK
|r Sklad / do 1 hodiny
|n 71
|p kup
|w 000746822
|u 000020
|a 1
|e BOA001
|j MZK50
|s A
|